Формирование эффективных экономических отношений многоотраслевых интегрированных структур с участием ВУЗов на базе развития инноваций: монография

Détails bibliographiques
Autres auteurs: Титова В. А. Валентина Алексеевна, Лямзин О. Л. Олег Леонидович, Латуха О. А. Ольга Александровна, Макаренко О. В. Олеся Владимировна
Résumé:В монографии исследуются вопросы, связанные с формированием эффективных экономических отношений в рамках многоотраслевых интегрированных структур, основанных на развитии инноваций. Исследование адресовано широкому кругу лиц, интересующихся проблемами построения национальной инновационной системы и связанных с этим «интеграционных процессов.
Langue:russe
Publié: Новосибирск, Изд-во НГТУ, 2007
Collection:Монографии НГТУ
Sujets:
Format: Livre
KOHA link:https://koha.lib.tpu.ru/cgi-bin/koha/opac-detail.pl?biblionumber=163757

MARC

LEADER 00000nam0a2200000 4500
001 163757
005 20231101222424.0
010 |a 9785778208537 
035 |a (RuTPU)RU\TPU\book\177663 
090 |a 163757 
100 |a 20090821d2007 k y0rusy50 ca 
101 0 |a rus 
102 |a RU 
105 |a a z 001zy 
200 1 |a Формирование эффективных экономических отношений многоотраслевых интегрированных структур с участием ВУЗов на базе развития инноваций  |e монография  |f В. А. Титова [и др.] 
210 |a Новосибирск  |c Изд-во НГТУ  |d 2007 
215 |a 276 с.  |c ил. 
225 1 |a Монографии НГТУ 
320 |a Библиогр.: с. 217-223. 
330 |a В монографии исследуются вопросы, связанные с формированием эффективных экономических отношений в рамках многоотраслевых интегрированных структур, основанных на развитии инноваций. Исследование адресовано широкому кругу лиц, интересующихся проблемами построения национальной инновационной системы и связанных с этим «интеграционных процессов. 
606 1 |a Высшие учебные заведения  |x Управление  |2 stltpush  |3 (RuTPU)RU\TPU\subj\4008 
606 1 |a Инновации  |2 stltpush  |3 (RuTPU)RU\TPU\subj\67423  |9 83236 
610 1 |a высшее образование 
610 1 |a вузы 
610 1 |a инновации 
610 1 |a интегрированные структуры 
610 1 |a экономические отношения 
610 1 |a эффективность 
610 1 |a учебно-производственная сфера 
610 1 |a инновационная деятельность 
610 1 |a НИИ 
610 1 |a научно-исследовательские институты 
610 1 |a инновационная активность 
610 1 |a интегральные показатели 
610 1 |a методика 
686 |a Ч484(2)к  |2 rubbk 
686 |a У9(2)0-551  |2 rubbk 
701 1 |a Титова  |b В. А.  |g Валентина Алексеевна 
701 1 |a Лямзин  |b О. Л.  |g Олег Леонидович 
701 1 |a Латуха  |b О. А.  |g Ольга Александровна 
701 1 |a Макаренко  |b О. В.  |g Олеся Владимировна 
801 1 |a RU  |b 63413507  |c 20090821 
801 2 |a RU  |b 63413507  |c 20100121  |g RCR 
942 |c BK 
959 |a 79/20090629  |d 1  |e 230,00  |f ЧЗГЛ:1